[Event "British Rapidplay"]
[Site "Peterborough"]
[Date "2025.03.02"]
[Round "9.1"]
[White "Maroroa Jones, Gawain C B"]
[Black "Kovchan, Alexander"]
[Result "0-1"]
[WhiteElo "2654"]
[BlackElo "2433"]
[PlyCount "85"]
[EventDate "2025.03.01"]
[EventType "swiss (rapid)"]
[EventRounds "11"]
[EventCountry "ENG"]
[SourceTitle "BritBase"]
[Source "John Saunders"]
[SourceDate "2025.03.03"]
[SourceVersion "1"]
[SourceVersionDate "2025.03.03"]
[SourceQuality "2"]

1. Nf3 Nf6 2. c4 b6 3. Nc3 c5 4. e4 Bb7 5. e5 Ng4 6. d4 Nc6 7. d5 Ncxe5 8. Nxe5 Nxe5 9. Qe2 Ng6 10. h4 e6 11. Ne4 h6 12. h5 Nh4 13. g4 f5 14. Ng3 Bd6 15. Nxf5 Nxf5 16. gxf5 O-O 17. fxe6 dxe6 18. Rg1 exd5 19. Qe6+ Rf7 20. Bxh6 Qe8 21. Bh3 Kh8 22. Be3 d4 23. Qxd6 dxe3 24. O-O-O exf2 25. Rg3 Bf3 26. h6 Qe3+ 27. Qd2 Qxh6 28. Qxh6+ gxh6 29. Rd6 Be4 30. Rxh6+ Bh7 31. Bf1 Re8 32. Kd2 Re1 33. Rh1 Rd7+ 34. Kc3 Rg7 35. Rd3 Rf7 36. Kd2 Kg8 37. Rg3+ Rg7 38. Rf3 Rd7+ 39. Kc3 Rc1+ 40. Kb3 Bc2+ 41. Ka3 Be4 42. Rg3+ Rg7 43. Bg2 0-1

[Event "British Rapidplay"]
[Site "Peterborough"]
[Date "2025.03.02"]
[Round "9.2"]
[White "Ghasi, Ameet K"]
[Black "Vitiugov, Nikita"]
[Result "0-1"]
[WhiteElo "2505"]
[BlackElo "2668"]
[PlyCount "80"]
[EventDate "2025.03.01"]
[EventType "swiss (rapid)"]
[EventRounds "11"]
[EventCountry "ENG"]
[SourceTitle "BritBase"]
[Source "John Saunders"]
[SourceDate "2025.03.03"]
[SourceVersion "1"]
[SourceVersionDate "2025.03.03"]
[SourceQuality "2"]

1. Nf3 d5 2. c4 d4 3. b4 c5 4. b5 Nf6 5. g3 Nbd7 6. Bg2 e5 7. d3 h6 8. O-O Bd6 9. a4 O-O 10. a5 Rb8 11. h3 Re8 12. e3 Nf8 13. Re1 Ng6 14. Ra2 Bd7 15. a6 b6 16. Rae2 Qc7 17. Nbd2 Be6 18. exd4 cxd4 19. Ne4 Nxe4 20. Rxe4 Rf8 21. h4 Bf5 22. R4e2 Bg4 23. Re4 h5 24. Rxg4 hxg4 25. Nh2 f5 26. Bd5+ Kh7 27. Nxg4 Ne7 28. Nf6+ Rxf6 29. Qh5+ Rh6 30. Bxh6 g6 31. Qg5 Nxd5 32. cxd5 Qf7 33. Rc1 Bc5 34. d6 Re8 35. Re1 Bxd6 36. Qc1 f4 37. gxf4 Qf5 38. Bg5 Qg4+ 39. Kh2 exf4 40. Re7+ Rxe7 0-1

[Event "British Rapidplay"]
[Site "Peterborough"]
[Date "2025.03.02"]
[Round "9.3"]
[White "Khoury, Theo"]
[Black "Han, Yichen"]
[Result "0-1"]
[WhiteElo "2164"]
[BlackElo "2430"]
[PlyCount "78"]
[EventDate "2025.03.01"]
[EventType "swiss (rapid)"]
[EventRounds "11"]
[EventCountry "ENG"]
[SourceTitle "BritBase"]
[Source "John Saunders"]
[SourceDate "2025.03.03"]
[SourceVersion "1"]
[SourceVersionDate "2025.03.03"]
[SourceQuality "2"]

1. e4 g6 2. d4 Bg7 3. Nf3 c6 4. Bd3 d5 5. e5 Bg4 6. h3 Bxf3 7. Qxf3 Qb6 8. c3 e6 9. O-O Ne7 10. a4 c5 11. a5 Qc7 12. Bb5+ Nbc6 13. Bg5 O-O 14. Rc1 a6 15. Bxc6 Nxc6 16. Nd2 Nxa5 17. Qe3 Nc6 18. Nf3 Ne7 19. Bxe7 Qxe7 20. dxc5 Rac8 21. b4 f6 22. exf6 Qxf6 23. Re1 Rce8 24. Ne5 Qh4 25. Re2 Rf5 26. Nf3 Qc4 27. Rc1 e5 28. Nd2 Qh4 29. Qd3 e4 30. Qc2 Rg5 31. Kh1 Rf8 32. Nf1 Be5 33. c4 Rf3 34. Ng3 Rfxg3 35. fxg3 Qxg3 36. Kg1 Qh2+ 37. Kf1 Qh1+ 38. Kf2 Rxg2+ 39. Ke3 d4+ 0-1

[Event "British Rapidplay"]
[Site "Peterborough"]
[Date "2025.03.02"]
[Round "9.4"]
[White "Gasanov, Eldar"]
[Black "Czopor, Maciej"]
[Result "1/2-1/2"]
[WhiteElo "2469"]
[BlackElo "2412"]
[PlyCount "66"]
[EventDate "2025.03.01"]
[EventType "swiss (rapid)"]
[EventRounds "11"]
[EventCountry "ENG"]
[SourceTitle "BritBase"]
[Source "John Saunders"]
[SourceDate "2025.03.03"]
[SourceVersion "1"]
[SourceVersionDate "2025.03.03"]
[SourceQuality "2"]

1. d4 Nf6 2. c4 e6 3. Bg5 d5 4. e3 h6 5. Bh4 c5 6. cxd5 Qa5+ 7. Nc3 Nxd5 8. Bb5+ Bd7 9. Bxd7+ Nxd7 10. Nge2 cxd4 11. Qxd4 N7f6 12. O-O Bc5 13. Qe5 O-O 14. Rfd1 Ng4 15. Qe4 Ngxe3 16. fxe3 Nxe3 17. Kh1 Nxd1 18. Rxd1 Qb4 19. Rd7 Qxb2 20. Rxb7 Bb6 21. h3 Rac8 22. Qf3 Rc7 23. Rxc7 Qa1+ 24. Kh2 Bxc7+ 25. Bg3 Bxg3+ 26. Nxg3 Rc8 27. Nge2 Qe1 28. Qd3 Qh4 29. Qd7 Rxc3 30. Nxc3 Qf4+ 31. Kh1 Qf1+ 32. Kh2 Qf4+ 33. Kh1 Qf1+ 1/2-1/2

[Event "British Rapidplay"]
[Site "Peterborough"]
[Date "2025.03.02"]
[Round "9.5"]
[White "Verbytski, Oleg"]
[Black "Gormally, Daniel W"]
[Result "0-1"]
[WhiteElo "2111"]
[BlackElo "2428"]
[PlyCount "71"]
[EventDate "2025.03.01"]
[EventType "swiss (rapid)"]
[EventRounds "11"]
[EventCountry "ENG"]
[SourceTitle "BritBase"]
[Source "John Saunders"]
[SourceDate "2025.03.03"]
[SourceVersion "1"]
[SourceVersionDate "2025.03.03"]
[SourceQuality "2"]

1. e4 c5 2. Nf3 d6 3. d4 cxd4 4. Nxd4 Nf6 5. Nc3 Nc6 6. Be2 e5 7. Nb3 a5 8. a4 Be6 9. Be3 Be7 10. Bf3 O-O 11. O-O Nb4 12. Bg5 Rc8 13. Qd2 Qb6 14. Rfd1 Nxc2 15. Qxc2 Bxb3 16. Qd2 Bxd1 17. Rxd1 Qb4 18. Bg4 Rc4 19. Bf5 Rd4 20. Qe2 Rxd1+ 21. Nxd1 Qxa4 22. g3 h6 23. Bxf6 Bxf6 24. Nc3 Qb3 25. Nd5 Bd8 26. h4 Bb6 27. Kg2 Bd4 28. Nf6+ Kh8 29. Qh5 Qxb2 30. Ng4 Qd2 31. Kh3 a4 32. Bh7 a3 33. Qf5 a2 34. Bg8 g6 35. Qf6+ Kxg8 36. f4 0-1

[Event "British Rapidplay"]
[Site "Peterborough"]
[Date "2025.03.02"]
[Round "9.6"]
[White "Roberson, Peter T"]
[Black "Cancedda-Dupuis, Livio"]
[Result "1-0"]
[WhiteElo "2434"]
[BlackElo "2053"]
[PlyCount "113"]
[EventDate "2025.03.01"]
[EventType "swiss (rapid)"]
[EventRounds "11"]
[EventCountry "ENG"]
[SourceTitle "BritBase"]
[Source "John Saunders"]
[SourceDate "2025.03.03"]
[SourceVersion "1"]
[SourceVersionDate "2025.03.03"]
[SourceQuality "2"]

1. e4 c5 2. Be2 Nc6 3. f4 d6 4. Nf3 g6 5. O-O Bg7 6. d3 Nd4 7. Nbd2 Qc7 8. c3 Nxe2+ 9. Qxe2 Bd7 10. a4 O-O-O 11. d4 Kb8 12. b4 Nf6 13. bxc5 dxc5 14. Ne5 Be8 15. d5 e6 16. c4 Nd7 17. Nxd7+ Bxd7 18. Rb1 Rhe8 19. Bb2 Bxb2 20. Rxb2 Bc8 21. Qf3 Qd7 22. Nb3 Qxa4 23. e5 Qxc4 24. d6 b6 25. Na5 Qd4+ 26. Kh1 Qxb2 27. Nc6+ Kb7 28. Nxd8+ Ka6 29. Qd3+ b5 30. Rb1 Qxb1+ 31. Qxb1 Rxd8 32. Qe1 Kb6 33. Qh4 Rd7 34. Qxh7 Bb7 35. f5 exf5 36. h4 Bd5 37. Qh8 a5 38. Qb8+ Bb7 39. Qe8 Kc6 40. e6 fxe6 41. Qxg6 Kxd6 42. h5 c4 43. h6 c3 44. Qg3+ e5 45. Qxc3 Rh7 46. Qd2+ Ke6 47. Qg5 Rxh6+ 48. Qxh6+ Kd5 49. Qb6 Bc6 50. Qxa5 Kc4 51. Kg1 b4 52. Qxe5 Be4 53. g4 b3 54. gxf5 Bd5 55. f6 Bg8 56. Kf2 Kd3 57. Qb2 1-0

[Event "British Rapidplay"]
[Site "Peterborough"]
[Date "2025.03.02"]
[Round "9.7"]
[White "Lalic, Susan Kathryn"]
[Black "Slaby, Jerzy"]
[Result "1/2-1/2"]
[WhiteElo "2227"]
[BlackElo "2464"]
[PlyCount "52"]
[EventDate "2025.03.01"]
[EventType "swiss (rapid)"]
[EventRounds "11"]
[EventCountry "ENG"]
[SourceTitle "BritBase"]
[Source "John Saunders"]
[SourceDate "2025.03.03"]
[SourceVersion "1"]
[SourceVersionDate "2025.03.03"]
[SourceQuality "2"]

1. e4 c6 2. d4 d5 3. Nd2 g6 4. c3 Bg7 5. e5 c5 6. Ngf3 cxd4 7. cxd4 Nh6 8. Bb5+ Bd7 9. Qb3 Bxb5 10. Qxb5+ Qd7 11. Qxd7+ Kxd7 12. Nb3 b6 13. Bf4 Nc6 14. Rc1 Rac8 15. O-O Nb4 16. e6+ Kxe6 17. Rfe1+ Kf5 18. Rxc8 Rxc8 19. Bxh6 Bxh6 20. Rxe7 Kf6 21. Rxa7 Rc2 22. h4 Rxb2 23. Rb7 Nxa2 24. Rxb6+ Kg7 25. Rb7 Nc3 26. Nc5 Rxb7 1/2-1/2

[Event "British Rapidplay"]
[Site "Peterborough"]
[Date "2025.03.02"]
[Round "9.8"]
[White "Siva, Mahadevan"]
[Black "Tanmay, Chopra"]
[Result "1-0"]
[WhiteElo "2369"]
[BlackElo "2357"]
[PlyCount "45"]
[EventDate "2025.03.01"]
[EventType "swiss (rapid)"]
[EventRounds "11"]
[EventCountry "ENG"]
[SourceTitle "BritBase"]
[Source "John Saunders"]
[SourceDate "2025.03.03"]
[SourceVersion "1"]
[SourceVersionDate "2025.03.03"]
[SourceQuality "2"]

1. e4 c5 2. Nf3 d6 3. d4 cxd4 4. Nxd4 Nf6 5. Nc3 a6 6. Bg5 Nbd7 7. Bc4 Qb6 8. O-O Qc5 9. Bd5 Nb6 10. Bxf6 gxf6 11. a4 e6 12. a5 Nxd5 13. exd5 Be7 14. dxe6 fxe6 15. Re1 Kf7 16. Ne4 Qe5 17. Nf3 Qf4 18. Ra4 Kf8 19. Nc5 Qf5 20. Nxe6+ Bxe6 21. Nd4 Qg6 22. Nxe6+ Kf7 23. Rg4 1-0

[Event "British Rapidplay"]
[Site "Peterborough"]
[Date "2025.03.02"]
[Round "9.9"]
[White "Bowcott-Terry, Finlay"]
[Black "Shearsby, Jude"]
[Result "1-0"]
[WhiteElo "2202"]
[BlackElo "2152"]
[PlyCount "71"]
[EventDate "2025.03.01"]
[EventType "swiss (rapid)"]
[EventRounds "11"]
[EventCountry "ENG"]
[SourceTitle "BritBase"]
[Source "John Saunders"]
[SourceDate "2025.03.03"]
[SourceVersion "1"]
[SourceVersionDate "2025.03.03"]
[SourceQuality "2"]

1. Nf3 Nf6 2. g3 g6 3. c4 Bg7 4. Bg2 O-O 5. O-O d6 6. Nc3 c6 7. d4 Qa5 8. Qc2 Qh5 9. a4 Na6 10. Ne4 Bf5 11. Nxf6+ Bxf6 12. Qb3 Rab8 13. Be3 Be4 14. Rfd1 d5 15. c5 b6 16. cxb6 Rxb6 17. Qc3 Rfb8 18. h3 g5 19. Rd2 c5 20. Qa5 c4 21. Ne5 Bxg2 22. Kxg2 Rd6 23. Rh1 Rb3 24. h4 g4 25. Nxc4 Re6 26. Qd8+ Kg7 27. Ne5 Rd6 28. Qc8 e6 29. Bf4 Rb8 30. Qc1 Rdd8 31. Rc2 Qf5 32. h5 Qe4+ 33. f3 Qxd4 34. Nc6 Qxa4 35. Bxb8 gxf3+ 36. exf3 1-0

[Event "British Rapidplay"]
[Site "Peterborough"]
[Date "2025.03.02"]
[Round "9.10"]
[White "Badacsonyi, Stanley"]
[Black "Rushbrooke, Remy"]
[Result "1-0"]
[WhiteElo "2334"]
[BlackElo "2094"]
[PlyCount "73"]
[EventDate "2025.03.01"]
[EventType "swiss (rapid)"]
[EventRounds "11"]
[EventCountry "ENG"]
[SourceTitle "BritBase"]
[Source "John Saunders"]
[SourceDate "2025.03.03"]
[SourceVersion "1"]
[SourceVersionDate "2025.03.03"]
[SourceQuality "2"]

1. d4 g6 2. Nc3 Bg7 3. e4 d6 4. Be3 a6 5. f3 b5 6. h4 h6 7. Nh3 Nd7 8. Nf2 Bb7 9. Qd2 Ngf6 10. g3 Nb6 11. b3 Nfd7 12. Rd1 Rc8 13. Bh3 e6 14. Ne2 c5 15. dxc5 dxc5 16. O-O Qe7 17. Bf4 Ne5 18. Bg2 Nbd7 19. Qe3 f6 20. Bxe5 fxe5 21. Rd2 O-O 22. Rfd1 Rcd8 23. Bh3 Kf7 24. Rd6 Bd5 25. exd5 Qxd6 26. dxe6+ Qxe6 27. Bxe6+ Kxe6 28. Ne4 Nf6 29. Rxd8 Rxd8 30. Nxf6 Kxf6 31. Qxc5 Bf8 32. Qc6+ Rd6 33. Qe4 Rd1+ 34. Kg2 Bc5 35. Qc6+ Bd6 36. Nc3 Rd2+ 37. Kf1 1-0

[Event "British Rapidplay"]
[Site "Peterborough"]
[Date "2025.03.02"]
[Round "9.11"]
[White "Mirzoeva, Elmira"]
[Black "Sarakauskas, Gediminas"]
[Result "1/2-1/2"]
[WhiteElo "2272"]
[BlackElo "2323"]
[PlyCount "119"]
[EventDate "2025.03.01"]
[EventType "swiss (rapid)"]
[EventRounds "11"]
[EventCountry "ENG"]
[SourceTitle "BritBase"]
[Source "John Saunders"]
[SourceDate "2025.03.03"]
[SourceVersion "1"]
[SourceVersionDate "2025.03.03"]
[SourceQuality "2"]

1. d4 d5 2. c4 c6 3. Nf3 Nf6 4. Nc3 a6 5. e3 b5 6. b3 Bg4 7. Be2 e6 8. O-O Nbd7 9. Bb2 Bd6 10. Ne5 Bxe2 11. Nxe2 Qc7 12. cxd5 cxd5 13. Rc1 Qb8 14. f4 O-O 15. Rc6 Ra7 16. Qc2 Rc7 17. Ba3 b4 18. Rxc7 Bxc7 19. Nc6 Qb7 20. Bxb4 Ra8 21. Rc1 Bb6 22. Ba5 Ng4 23. Qc3 Bxa5 24. Nxa5 Qb5 25. Ng3 Nxe3 26. Qc6 Qxc6 27. Rxc6 Kf8 28. h3 Rb8 29. Kf2 Rb5 30. Rxa6 Nd1+ 31. Ke1 Ne3 32. Nc6 g6 33. Kf2 Nd1+ 34. Ke2 Nc3+ 35. Kd3 Nxa2 36. Rxa2 Rxb3+ 37. Ke2 Rxg3 38. Kf2 Rd3 39. Ke2 Rg3 40. Kf2 Rc3 41. Ra8+ Kg7 42. Nd8 Rc7 43. g4 Kf6 44. Kf3 Ke7 45. f5 g5 46. fxe6 fxe6 47. Kg2 Nf8 48. Rb8 Ng6 49. Nb7 Nf4+ 50. Kf1 Rc1+ 51. Kf2 Rb1 52. Rh8 Nxh3+ 53. Kg3 Rb3+ 54. Kh2 Nf4 55. Rxh7+ Kf6 56. Nc5 Rb4 57. Nd7+ Kg6 58. Nf8+ Kf6 59. Nd7+ Kg6 60. Nf8+ 1/2-1/2

[Event "British Rapidplay"]
[Site "Peterborough"]
[Date "2025.03.02"]
[Round "9.12"]
[White "Buckley, Graeme N"]
[Black "Martin, Lewis"]
[Result "1-0"]
[WhiteElo "2268"]
[BlackElo "2050"]
[PlyCount "59"]
[EventDate "2025.03.01"]
[EventType "swiss (rapid)"]
[EventRounds "11"]
[EventCountry "ENG"]
[SourceTitle "BritBase"]
[Source "John Saunders"]
[SourceDate "2025.03.03"]
[SourceVersion "1"]
[SourceVersionDate "2025.03.03"]
[SourceQuality "2"]

1. e4 c6 2. d4 d5 3. e5 Bf5 4. Nf3 e6 5. Be2 c5 6. Be3 cxd4 7. Nxd4 Ne7 8. c4 Nbc6 9. O-O Nxd4 10. Bxd4 Nc6 11. cxd5 Qxd5 12. Bf3 Qd7 13. Bc3 Qxd1 14. Rxd1 Be7 15. Na3 Rd8 16. Rxd8+ Nxd8 17. Nb5 a6 18. Nc7+ Kd7 19. Ba5 Bc5 20. Rd1+ Ke7 21. b4 Ba7 22. b5 f6 23. bxa6 bxa6 24. Nxa6 fxe5 25. Bb4+ Kf6 26. Rd7 e4 27. Be2 Nc6 28. Bc3+ Kg6 29. Rxg7+ Kh6 30. Rxa7 1-0

[Event "British Rapidplay"]
[Site "Peterborough"]
[Date "2025.03.02"]
[Round "9.13"]
[White "Mihalik, Agoston"]
[Black "Boswell, Jacob Connor"]
[Result "0-1"]
[WhiteElo "2140"]
[BlackElo "2245"]
[PlyCount "76"]
[EventDate "2025.03.01"]
[EventType "swiss (rapid)"]
[EventRounds "11"]
[EventCountry "ENG"]
[SourceTitle "BritBase"]
[Source "John Saunders"]
[SourceDate "2025.03.03"]
[SourceVersion "1"]
[SourceVersionDate "2025.03.03"]
[SourceQuality "2"]

1. e4 c5 2. Nf3 g6 3. c3 d5 4. exd5 Qxd5 5. d4 cxd4 6. Na3 a6 7. Be2 Nf6 8. O-O dxc3 9. Qc2 Bg7 10. Rd1 Qf5 11. Qxc3 O-O 12. Nd4 Qe4 13. Bf3 Qe5 14. Qb3 Ng4 15. g3 Qh5 16. h4 e5 17. Ndc2 Nc6 18. Nc4 e4 19. Be2 Be6 20. Qxb7 Bxc4 21. Bxc4 Na5 22. Qb4 Nxc4 23. Qxc4 Nxf2 24. Rf1 Rac8 25. Qb3 Nh3+ 26. Kh1 Qe2 27. Ne3 Nf2+ 28. Kg1 Nh3+ 29. Kh1 Nf2+ 30. Kg1 Ng4 31. Nxg4 Qxg4 32. Bf4 Bd4+ 33. Kg2 Qe2+ 34. Kh3 Rc2 35. Rae1 Qg2+ 36. Kg4 h5+ 37. Kg5 Rc5+ 38. Kh6 Bg7# 0-1

[Event "British Rapidplay"]
[Site "Peterborough"]
[Date "2025.03.02"]
[Round "9.14"]
[White "Eckersley-Waites, Adam"]
[Black "Zhang, Junyi"]
[Result "1-0"]
[WhiteElo "2247"]
[BlackElo "2152"]
[PlyCount "155"]
[EventDate "2025.03.01"]
[EventType "swiss (rapid)"]
[EventRounds "11"]
[EventCountry "ENG"]
[SourceTitle "BritBase"]
[Source "John Saunders"]
[SourceDate "2025.03.03"]
[SourceVersion "1"]
[SourceVersionDate "2025.03.03"]
[SourceQuality "2"]

1. e4 c5 2. Nf3 e6 3. d4 cxd4 4. Nxd4 Nf6 5. Nc3 Nc6 6. Ndb5 Bc5 7. Nd6+ Ke7 8. Bf4 e5 9. Nf5+ Kf8 10. Bg5 d6 11. Ne3 h6 12. Bxf6 Qxf6 13. Ncd5 Qd8 14. Qd2 Be6 15. O-O-O a6 16. Kb1 g6 17. h4 Kg7 18. h5 g5 19. Be2 Rc8 20. Bg4 b5 21. Rh3 Qd7 22. Bf5 Nd4 23. g4 Rhf8 24. c3 Nc6 25. Rf3 Qd8 26. Qd3 Rb8 27. a3 a5 28. b4 axb4 29. axb4 Ba7 30. Kc2 Rc8 31. Kd2 Rb8 32. Ke2 Rb7 33. Kf1 Bb8 34. Kg2 Qe8 35. Rh3 Na7 36. Ra1 Nc8 37. Ra5 Bc7 38. Ra6 Qd7 39. Rh1 Nb6 40. Rha1 Na4 41. Qc2 Nb6 42. Ra7 Rfb8 43. Nxb6 Bxb6 44. Rxb7 Qxb7 45. Qd3 Qc7 46. Ra3 Qc6 47. Nd5 Bxd5 48. exd5 Qc7 49. Qxb5 Bxf2 50. Qc6 Qb6 51. c4 Qxb4 52. Rf3 Bc5 53. Bg6 Rb7 54. Qe8 Qd2+ 55. Kh3 Qf4 56. Rxf4 exf4 57. Bc2 Rb2 58. Qe4 Kf8 59. Kg2 Ra2 60. Kf3 Ra3+ 61. Bd3 Ra2 62. Qh7 Rf2+ 63. Ke4 f3 64. Qxh6+ Ke8 65. Qxg5 Rh2 66. Kxf3 Rh3+ 67. Ke4 Re3+ 68. Qxe3 Bxe3 69. Kxe3 Kf8 70. Kd4 Kg7 71. c5 Kh6 72. c6 Kg5 73. Bf5 Kh4 74. c7 Kg3 75. c8=Q Kh2 76. Qc3 Kh1 77. Qg3 f6 78. Be4# 1-0

[Event "British Rapidplay"]
[Site "Peterborough"]
[Date "2025.03.02"]
[Round "9.15"]
[White "Davis, Colin J"]
[Black "Kanyamarala, Tarun"]
[Result "0-1"]
[WhiteElo "1987"]
[BlackElo "2389"]
[PlyCount "61"]
[EventDate "2025.03.01"]
[EventType "swiss (rapid)"]
[EventRounds "11"]
[EventCountry "ENG"]
[SourceTitle "BritBase"]
[Source "John Saunders"]
[SourceDate "2025.03.03"]
[SourceVersion "1"]
[SourceVersionDate "2025.03.03"]
[SourceQuality "2"]

1. d3 d5 2. g3 e5 3. Nf3 f6 4. Bg2 c5 5. O-O Nc6 6. Nbd2 Be6 7. c4 d4 8. a3 a5 9. Ne4 g5 10. Qa4 g4 11. Nh4 Bd7 12. Qb3 a4 13. Qd1 Be7 14. f4 f5 15. Ng5 exf4 16. gxf4 Nf6 17. e4 dxe3 18. Bxe3 h6 19. Ng6 Rg8 20. Nxe7 Qxe7 21. Re1 O-O-O 22. Qxa4 hxg5 23. fxg5 Qd6 24. gxf6 Rh8 25. Re2 Qxh2+ 26. Kf1 f4 27. Bg1 Qh5 28. Re7 f3 29. Bxc5 fxg2+ 30. Kf2 Qxc5+ 31. Ke1 0-1

[Event "British Rapidplay"]
[Site "Peterborough"]
[Date "2025.03.02"]
[Round "9.16"]
[White "Pritchett, Craig William"]
[Black "Chopra, Manmay"]
[Result "1-0"]
[WhiteElo "2177"]
[BlackElo "2156"]
[PlyCount "93"]
[EventDate "2025.03.01"]
[EventType "swiss (rapid)"]
[EventRounds "11"]
[EventCountry "ENG"]
[SourceTitle "BritBase"]
[Source "John Saunders"]
[SourceDate "2025.03.03"]
[SourceVersion "1"]
[SourceVersionDate "2025.03.03"]
[SourceQuality "2"]

1. Nf3 Nf6 2. c4 g6 3. b3 Bg7 4. Bb2 O-O 5. g3 b6 6. Bg2 Bb7 7. O-O d6 8. d4 Nbd7 9. Nc3 Ne4 10. Qc2 Nxc3 11. Bxc3 e6 12. e4 e5 13. Rad1 Qe7 14. Rfe1 a5 15. h4 exd4 16. Nxd4 Nc5 17. e5 Bxg2 18. exd6 Qxd6 19. Nf5 gxf5 20. Rxd6 Be4 21. Rxe4 Bxc3 22. Rg4+ fxg4 23. Rh6 f5 24. Qxc3 Rae8 25. Rf6 Rf7 26. Rxf7 Kxf7 27. Kg2 Ne4 28. Qd4 Nf6 29. c5 Re6 30. Qc4 Ne4 31. Qd5 Kf6 32. Qd8+ Kg6 33. Qg8+ Kf6 34. cxb6 cxb6 35. Qxh7 Nc5 36. Qh6+ Ke5 37. Qg7+ Rf6 38. h5 Ne6 39. Qh8 f4 40. gxf4+ Nxf4+ 41. Kg3 Nh3 42. h6 Ng5 43. Kxg4 Nf7 44. f4+ Ke6 45. Qe8+ Kd6 46. h7 Rg6+ 47. Kf5 1-0

[Event "British Rapidplay"]
[Site "Peterborough"]
[Date "2025.03.02"]
[Round "9.17"]
[White "Vaidyanathan, Adithya"]
[Black "Sivanandan, Bodhana"]
[Result "1-0"]
[WhiteElo "2037"]
[BlackElo "2073"]
[PlyCount "119"]
[EventDate "2025.03.01"]
[EventType "swiss (rapid)"]
[EventRounds "11"]
[EventCountry "ENG"]
[SourceTitle "BritBase"]
[Source "John Saunders"]
[SourceDate "2025.03.03"]
[SourceVersion "1"]
[SourceVersionDate "2025.03.03"]
[SourceQuality "2"]

1. d4 d5 2. Nf3 Nf6 3. c4 c6 4. Nc3 e6 5. Bg5 Nbd7 6. e3 Qa5 7. cxd5 Nxd5 8. Qd2 Bb4 9. Rc1 Nxc3 10. bxc3 Ba3 11. Rb1 b6 12. c4 Qxd2+ 13. Nxd2 Be7 14. Bxe7 Kxe7 15. Be2 c5 16. d5 Bb7 17. e4 Rad8 18. O-O Rhe8 19. f4 Kf8 20. Bf3 e5 21. g3 Nf6 22. Rbe1 Ba6 23. Re3 Rd7 24. Ra3 Bc8 25. Bd1 exf4 26. Ba4 fxg3 27. hxg3 Nxe4 28. Nxe4 Rxe4 29. Bxd7 Bxd7 30. Rxa7 Ke7 31. Rb1 Rxc4 32. Rxb6 Rd4 33. Rbb7 Rxd5 34. a4 Ke6 35. a5 Rd1+ 36. Kf2 c4 37. Rc7 Bb5 38. Rab7 Rd5 39. a6 Bxa6 40. Rc6+ Rd6 41. Rxd6+ Kxd6 42. Rb6+ Ke5 43. Rxa6 f5 44. Ke3 h5 45. Ra5+ Kf6 46. Rc5 Kg5 47. Rxc4 g6 48. Kf3 Kf6 49. Rc6+ Kg5 50. Ra6 Kh6 51. Kf4 h4 52. gxh4 Kh5 53. Rb6 Kxh4 54. Rxg6 Kh5 55. Kxf5 Kh4 56. Rg8 Kh3 57. Kf4 Kh2 58. Kf3 Kh1 59. Kf2 Kh2 60. Rh8# 1-0

[Event "British Rapidplay"]
[Site "Peterborough"]
[Date "2025.03.02"]
[Round "9.18"]
[White "Southcott-Moyers, Indy"]
[Black "Andal, Edmond"]
[Result "1-0"]
[WhiteElo "2227"]
[BlackElo "2011"]
[PlyCount "133"]
[EventDate "2025.03.01"]
[EventType "swiss (rapid)"]
[EventRounds "11"]
[EventCountry "ENG"]
[SourceTitle "BritBase"]
[Source "John Saunders"]
[SourceDate "2025.03.03"]
[SourceVersion "1"]
[SourceVersionDate "2025.03.03"]
[SourceQuality "2"]

1. d4 d5 2. c4 e6 3. Nf3 Be7 4. Nc3 Nf6 5. g3 O-O 6. Bg2 b6 7. cxd5 exd5 8. O-O h6 9. Ne5 Bb7 10. Bf4 Nh5 11. Bd2 Nf6 12. Rc1 Nbd7 13. Bf4 c6 14. e4 Bb4 15. exd5 cxd5 16. Qb3 Bxc3 17. bxc3 Rc8 18. Qa3 a6 19. Bh3 g5 20. Be3 Rc7 21. f4 Ne4 22. Qb2 Bc8 23. Bg2 Nxe5 24. dxe5 Rc6 25. c4 gxf4 26. Rxf4 f5 27. exf6 Rcxf6 28. cxd5 Rxf4 29. Bxf4 Qxd5 30. Qxb6 Be6 31. Re1 Bf5 32. Qb3 Qxb3 33. axb3 Ng5 34. Bd5+ Kg7 35. Bxg5 hxg5 36. Bc4 Rf6 37. Re7+ Kg6 38. Ra7 Bc8 39. Bd3+ Bf5 40. Bxa6 Rd6 41. Be2 Rd2 42. Kf1 Rb2 43. Rb7 Be4 44. Rb6+ Kf5 45. Rb5+ Kf6 46. h4 gxh4 47. gxh4 Bc2 48. Bc4 Be4 49. Be2 Bc2 50. b4 Be4 51. h5 Kg7 52. Rb6 Rb3 53. Kf2 Rb2 54. Ke3 Bb1 55. b5 Kf7 56. Rd6 Ke7 57. Rd4 Ke6 58. Rh4 Ke5 59. h6 Bh7 60. Ra4 Rb3+ 61. Kf2 Rb2 62. Ra3 Kf6 63. Ke3 Kg5 64. Ra6 Bg6 65. Bc4 Rb4 66. Rc6 Kxh6 67. Bd3 1-0

[Event "British Rapidplay"]
[Site "Peterborough"]
[Date "2025.03.02"]
[Round "9.19"]
[White "Murawski, Jan"]
[Black "Raju, Sooraj Menothuparam"]
[Result "1-0"]
[WhiteElo "2079"]
[BlackElo "2154"]
[PlyCount "79"]
[EventDate "2025.03.01"]
[EventType "swiss (rapid)"]
[EventRounds "11"]
[EventCountry "ENG"]
[SourceTitle "BritBase"]
[Source "John Saunders"]
[SourceDate "2025.03.03"]
[SourceVersion "1"]
[SourceVersionDate "2025.03.03"]
[SourceQuality "2"]

1. d4 f5 2. c4 Nf6 3. Nc3 g6 4. g3 Bg7 5. Bg2 O-O 6. Nh3 d6 7. d5 c6 8. O-O e5 9. dxe6 Bxe6 10. Qd3 Na6 11. Ng5 Qe7 12. Bf4 Rad8 13. Nxe6 Qxe6 14. Rac1 Nc5 15. Qb1 Qxc4 16. b4 Ne6 17. Be3 Ng4 18. Bd2 Qd4 19. Rcd1 f4 20. gxf4 Nxf4 21. e3 Qxc3 22. Bxc3 Ne2+ 23. Kh1 Nxc3 24. Qb3+ d5 25. Rd2 Kh8 26. Rc2 Ne4 27. f3 d4 28. fxg4 d3 29. Rxf8+ Bxf8 30. Bxe4 dxc2 31. Qxc2 Bg7 32. Kg2 Bf6 33. a4 Kg7 34. b5 cxb5 35. axb5 Rd7 36. Kf3 b6 37. Qc8 Re7 38. Bd5 g5 39. Qg8+ Kh6 40. Qf8+ 1-0

[Event "British Rapidplay"]
[Site "Peterborough"]
[Date "2025.03.02"]
[Round "9.20"]
[White "Fava, Lorenzo"]
[Black "Martyn, Rafe"]
[Result "1-0"]
[WhiteElo "2306"]
[BlackElo "2201"]
[PlyCount "61"]
[EventDate "2025.03.01"]
[EventType "swiss (rapid)"]
[EventRounds "11"]
[EventCountry "ENG"]
[SourceTitle "BritBase"]
[Source "John Saunders"]
[SourceDate "2025.03.03"]
[SourceVersion "1"]
[SourceVersionDate "2025.03.03"]
[SourceQuality "2"]

1. c4 e6 2. d4 d5 3. g3 a6 4. Bg2 dxc4 5. Nf3 b5 6. Ne5 Ra7 7. a4 Bb7 8. O-O Bxg2 9. Kxg2 Rb7 10. e4 Nf6 11. Re1 Bb4 12. Bd2 Bxd2 13. Qxd2 O-O 14. axb5 axb5 15. Ra8 c5 16. dxc5 Qxd2 17. Nxd2 Rc7 18. b4 cxb3 19. Nxb3 Nbd7 20. Rxf8+ Kxf8 21. Nd3 Nb8 22. Ra1 Nc6 23. Kf3 Nd7 24. Ra6 Nde5+ 25. Nxe5 Nxe5+ 26. Ke3 Rd7 27. c6 Nc4+ 28. Ke2 Rd8 29. Nd4 Rxd4 30. c7 Ke7 31. c8=Q 1-0